000 01464cab a2200217 4500
001 ABS68827
008 050315n2005 000 0 eng u
035 _a(Sirsi) u129049
100 _aMacrory, R.
245 _aEnvironmental assessment and PPC
260 _c2005
490 _aENDS Report
_v(361) February 2005, 58(1)
520 _aAnalyses the implications of "R v First SoS and others" ([2004] EWHC 2953), the first court decision to deal explicitly with the relationship between Environmental Impact Assessment (EIA) and the Pollution Prevention and Control (PPC) regime introduced in 2000, which focuses on the issue as to the level of detail that can be safely left for decision by specialised pollution control authorities. The court held that there could be some overlap between the EIA and PPC regimes but that they remain separate regimes with separate functions. The European Commission has launched infringement proceedings against the UK arguing that developments, which do not need planning permission but do need a new PPC permit, are still subject to EIA requirements. If this case reaches the European Court of Justice, the Court's approach will be watched with great interest .
590 _aABS
650 _aPOLLUTION PREVENTION AND CONTROL REGULATIONS 2000
650 _aR V FIRST SOS AND OTHERS EX P KENT
650 _aENVIRONMENTAL IMPACT ASSESSMENTS
650 _aIPPC
690 _aENVIRONMENT-AUDIT/ASSESSMENT
942 _n0
999 _c74916
_d74916